000 00411nam a22001337a 4500
005 20260316100832.0
008 260316b |||||||| |||| 00| 0 eng d
040 _cFLL
041 _2eng
_aeng
100 _aGill, Nishant
_91132089
245 _aHuman Rights of Refugees
_bA Perspective of the Statelessness & Citizenship Crisis of Migrants in India
260 _aDU
_bFaculty of Law
_c2024
942 _2CC
_cDIS
999 _c1715447
_d1715447